000 00928nam a2200253 a 4500
001 000038977
005 20201002031438.0
008 090904s20uu dr r 000 0 spa d
020 _a9789945007015
040 _aDO-SdBNP
_bspa
_cBNPHU
082 _a510
_bS232m
100 1 _aSantana, Julían
_937409
245 1 0 _aMatemática básica universitaria /
_cJulían Santana, Roberto Herrera , Alejandro Gutierrez.
260 _aSanto Domingo :
_bSoto Castillo,
_c[200?].
300 _a345 p. ;
_c27 cm.
590 _aInventariado, 2018/BT
650 4 _aMatemáticas
_xProblemas, ejercicios, etc.
_919473
650 4 _aTeoría de conjuntos
_xProblemas, ejercicios, etc.
_919474
650 4 _aPolinomios
_xProblemas, ejercicios, etc.
_919475
650 4 _aEcuaciones
_xProblemas, ejercicios, etc.
_919476
700 1 2 _aHerrera, Roberto
_937410
700 1 2 _aGutierrez, Alejandro
_965226
910 _aValidado. Control de calidad. MFF
999 _c38467
_d38467